00536nam a22001697a 4500008004100000020001900041040005500060080001900115100002400134245005800158250001300216260005800229300001800287650001500305653001400320700003200334230627b |||||||| |||| 00| 0 eng d a978-0992780968 aNational Science LibrarycNational Science Library a92:32AGGbQ8,1 aAggarwala, Adish C  aNarendra Modi: bA charismatic & visionary statesman  a2nd ed.  aLondon: bU.K. Publishers & Distributors Ltd., c2018 axviii, 654p.  aBiography  aPolitics  aMarchington, Sarah J (Ed.)